| 000 | 00389nam a22001337a 4500 | ||
|---|---|---|---|
| 020 | _a9787508535821 | ||
| 040 | _cNUST | ||
| 082 |
_a808.02 _bSUN 2019 |
||
| 100 | _983141 | ||
| 245 |
_aSunshine sisters : _bthe story of housekeeping service / _c Li Yifeng. |
||
| 260 |
_bChina Intercontinental Press, _c2019. |
||
| 300 | _a225 pages : illustrations, portraits ; 24 cm | ||
| 942 |
_2ddc _cBK |
||
| 999 |
_c588995 _d588995 |
||